И.В.Сталины нэрэмжит УННС-ийн товч танилцуулга (Бичлэгийн дугаар. 48482)

MARC дэлгэрэнгүй
000 -Удирдлага
Ном зүйн бүртгэл тоо буюу кодлох утгыг агуулсан 00722 a2200217 4500
003 - ХЯНАЛТЫН ТОО ТОДОРХОЙЛОГЧ
Код MN-UlNLM
005 - ХАМГИЙН СҮҮЛИЙН ҮЕИЙН ХЭЛЦЛИЙН ОГНОО БА ЦАГ
Тухайн бичилтийг бичсэн засварласан сүүлийн огноо. 20220422174940.0
008 - ЕРӨНХИЙ МЭДЭЭЛЭЛ-ЭЛЕМЕНТҮҮДИЙН ӨГӨГДЛИЙН УРТ
fixed length control field a130t1983 mp ||||| |||| 00|mon d
040 ## - ЭХ СУРВАЛЖИЙГ ТОДОРХОЙЛОН БИЧИХ
Анхны каталогийн байгууллага Монгол Улсын Үндэсний номын сан
084 ## - БУСАД АНГИЛЛЫН ДУГААР
Анги 78.3я2
Ангиллын нэр Номын сан номзүйн ангилал
Зохиогчийн 3-н тэмдэгт Б 34
Шинжлэх ухааны мэдлэгийн салбар Соёл, шинжлэх ухаан, боловсрол - 7
100 1# - ЗОХИОГЧИЙН ХЭСЭГ
Зохиогчийн нэр Баянзул М.
245 0# - ҮНДСЭН ГАРЧИГ
Гарчиг И.В.Сталины нэрэмжит УННС-ийн товч танилцуулга
Оролцогчдын тухай мэдээ Ред. Ш.Нацагдорж, Ш.Базар
250 ## - ХЭВЛЭЛТИЙН ТУХАЙ МЭДЭЭ
Дахин хэвлэлтийн мэдээ 1
260 1# - ГАРАЛТЫН ТУХАЙ МЭДЭЭ
Хэвлэгдсэн он 1983
Хэвлэгдсэн газар УБ
Хэвлэлийн газар УХГ
300 ## - ТООНЫ МЭДЭЭ
Хуудасны тоо 34x
546 ## - ХЭЛНИЙ ТУХАЙ МЭДЭЭ
Хэл
653 ## - ТҮЛХҮҮР ҮГС
Түлхүүр үг Соёл, шинжлэх ухаан боловсрол
-- Номын сангийн ажил
856 ## - ЭЛЕКТРОН БАЙРЛАЛ БА ХОЛБООС
Төрөл Хэвлэмэл ном
942 ## - ЭЛЕМЕНТИЙН ТӨРӨЛ
Төрөл Ном
Захиалгууд
Буцаан татагдсан төлөв Хасагдсан шалтгаан Гэмтсэн төлөв Данс заагч Захиалах боломжгүй Үндсэн номын сан Одоогийн байршил Салбар танхим Сан хөмрөг 5 Бүртгэсэн огноо Тавиурын заалт Баркод Үнэ Хамгийн сүүлд байсан огноо Нийт уншлаганд гарсан тоо Төрөл
          МУҮНомын сан салбар МУҮНомын сан салбар МУҮНС салбар | Эрдэм танхим 7 давхар МУҮНС салбар | Эрдэм танхим 7 давхар 2021-09-03 3836 02003836 0.50 2021-09-03   Ном
          МУҮНомын сан салбар МУҮНомын сан салбар МУҮНС салбар | Эрдэм танхим 7 давхар МУҮНС салбар | Эрдэм танхим 7 давхар 2021-09-03 3838 02003838 0.50 2023-07-19   Ном
          МУҮНомын сан салбар МУҮНомын сан салбар МУҮНС салбар | Эрдэм танхим 7 давхар МУҮНС салбар | Эрдэм танхим 7 давхар 2021-09-03 3837 02003837 0.50 2021-09-03   Ном
          МУҮндэсний Номын сан МУҮндэсний Номын сан МУҮНС төв | Үлдэх нөөц МУҮНС төв | Үлдэх нөөц 2021-09-20 3840 02003840 0.50 2021-09-20   Ном
          МУҮндэсний Номын сан МУҮндэсний Номын сан МУҮНС төв | Үлдэх нөөц МУҮНС төв | Үлдэх нөөц 2021-09-20 3841 02003841 0.50 2021-09-20   Ном
          МУҮндэсний Номын сан МУҮндэсний Номын сан МУҮНС төв | Ойр фонд МУҮНС төв | Ойр фонд 2021-09-20 3839 02003839 0.50 2021-09-20   Ном